000 01900nam a2200349 a 4500
001 BRCA_2440
005 20190320203818.0
008 141108s1797----sp-a---###---#000-0dspa-u
041 _aspa
044 _asp
084 _a080
_b.S264
_c1797
100 1 _aCervantes Saavedra, Miguel de
_d1547-1616
_9213
245 1 0 _aEl Ingenioso Hidalgo Don Quixote de la Mancha
_ccompuesto por Miguel de Cervantes Saavedra.
260 _aMadrid
_bGabriel de Sancha
_c1797
300 _a4 v.
_bil.
_c19 cm.
500 _aContenido : v 1. Primera parte. Notas al título de la historia. Discurso preliminar. Vida de Cervantes por J. A. Pellicer. Dedicatoria del Autor. Prólogo del autor. Versos preliminares. Texto. -- v 2. Texto. -- v 3. Segunda parte. Resumen de los documentos de la edición príncipe. Texto. -- v 4. Descripción geográfico-histórica de los viajes de D. Quijote. Texto
500 _aEdición : Nueva edición corregida de nuevo con nuevas notas, nuevas estampas, con nuevo análisis y con la vida del autor nuevamente aumentada por Juan Antonio Pellicer
500 _aEs la misma edición que el LO-079, pero dividida en 4 volúmenes. Ejemplar bien conservado. Semipiel Lúdovik Osterc
500 _aIncluye índice : De las cosas notables
500 _aQM58C
650 1 4 _aNovela española
_yÉpoca clásica, 1500-1700
_9215
650 1 4 _aLiteratura española
_yÉpoca clásica, 1500-1700
_9216
650 1 4 _aNovela española
_ySiglo XVII
_9217
650 1 4 _aDon Quijote (Personaje fiticio)
_eNovela
_97136
700 1 _aPellicer y Pilares, Juan Antonio
_d1738-1806
_eBiógrafo
_97137
700 1 _aCamarón Boronat, José
_d1730-1803
_eIlustrador
_97138
700 1 _aJimeno, José Antonio
_d1757-1807
_eIlustrador
_97139
700 1 _aParet y Alcázar, Luis
_d1746-1799
_eIlustrador
_97140
740 0 _aEl Ingenioso Hidalgo Don Quijote de la Mancha
902 _aQFM
942 _2lcc
_cB
999 _c2181
_d2181